ប្រាជ្ញានាងនុត : (Record no. 8537)

MARC details
000 -LEADER
fixed length control field 02744nam a22003257a 4500
001 - CONTROL NUMBER
control field 8537
003 - CONTROL NUMBER IDENTIFIER
control field FISKH
005 - DATE AND TIME OF LATEST TRANSACTION
control field 20260422104021.0
008 - FIXED-LENGTH DATA ELEMENTS--GENERAL INFORMATION
fixed length control field 250918b cb ||||| |||| 00| 0 eng d
020 ## - INTERNATIONAL STANDARD BOOK NUMBER
International Standard Book Number 9789995088927
040 ## - CATALOGING SOURCE
Original cataloging agency FISKH
Language of cataloging khr
Transcribing agency FISKH
Modifying agency FISKH
050 ## - LIBRARY OF CONGRESS CALL NUMBER
Classification number PZ7
082 ## - DEWEY DECIMAL CLASSIFICATION NUMBER
Classification number 398.2
100 ## - MAIN ENTRY--PERSONAL NAME
Personal name Kimsun, Sotheary
245 ## - TITLE STATEMENT
Title ប្រាជ្ញានាងនុត :
Remainder of title Neang Nuth's intelligence /
Statement of responsibility, etc. រៀបរៀងដោយ អ្នកស្រី គឹមស៊ុន​ សុធារី
260 ## - PUBLICATION, DISTRIBUTION, ETC.
Place of publication, distribution, etc. Phnom Penh :
Name of publisher, distributor, etc. Reading Books ,
Date of publication, distribution, etc. 2008.
300 ## - PHYSICAL DESCRIPTION
Extent 24 pages :
Other physical details color illustrations ;
Dimensions 25 cm .
490 ## - SERIES STATEMENT
Series statement ពិភពរឿងនិទាន
505 ## - FORMATTED CONTENTS NOTE
Formatted contents note K <br/>
520 ## - SUMMARY, ETC.
Summary, etc. មានក្មេងប្រុសម្នាក់ឈ្មោះ បណ្ឌិត និង ក្មេងស្រីម្នាក់ឈ្មោះ នុត ជាមិត្តនឹងគ្នា​ ។​ ច្រើនឆ្នាំក្រោយមកពួកគេបានរៀបការនឹងគ្នា​ ។បណ្ឌិតបានយកសំពៅមួយធ្វើដំណើរចេញទៅទាំងយប់ លុះព្រឺកឡើងក៏ទៅដល់កំពង់ផែមួយរបស់លោកសេដ្ឋីបំផ្លាញឈ្មួញ ។​ បណ្ឌិតបានចាញ់កលលោកសេដ្ឋី ត្រូវសេដ្ឋីរឹបអូសសំពៅនិងទ្រព្យសម្បត្តិទាំងអស់។ នាងនុតបានធ្វើដំណើរជាមួយសារិកាទៅរកប្តី ។​ ដោយភាពឈ្លាសវៃរបស់នាង នាងបានជួយប្តី អោយរួចពីកណ្តាប់ដៃសេដ្ឋី ។​
520 ## - SUMMARY, ETC.
Summary, etc. There was a boy named Pandit and a girl named Nut who were close friends. Many years later, they got married.<br/><br/>One night, Pandit set off on a journey by boat. By dawn, he arrived at a port owned by a greedy and deceitful merchant. Pandit fell for the merchant’s trickery and ended up losing his boat and all his possessions.<br/><br/>Nut then traveled with her servant to find her husband. Thanks to her cleverness and wisdom, she was able to help her husband escape from the clutches of the merchant.
521 8# - TARGET AUDIENCE NOTE
Target audience note 510 <br/>
Source Lexile estimate <br/>
521 8# - TARGET AUDIENCE NOTE
Target audience note K <br/>
Source Raz-Plus <br/>
650 ## - SUBJECT ADDED ENTRY--TOPICAL TERM
Topical term or geographic name entry element ប្រាជ្ញានាងនុត
Form subdivision រឿងនិទានកុមារ
650 ## - SUBJECT ADDED ENTRY--TOPICAL TERM
Topical term or geographic name entry element Neang Nuth's intelligence
Form subdivision Children's stories
700 ## - ADDED ENTRY--PERSONAL NAME
Personal name Bora, Vat
Relator term Illustrator
700 ## - ADDED ENTRY--PERSONAL NAME
Personal name Bunthorn, Theak
Relator term Illustrator
942 ## - ADDED ENTRY ELEMENTS (KOHA)
Source of classification or shelving scheme Dewey Decimal Classification
Koha item type Khmer Books
Suppress in OPAC No
Holdings
Withdrawn status Lost status Source of classification or shelving scheme Damaged status Not for loan Collection Home library Current library Shelving location Date acquired Total Checkouts Full call number Barcode Date last seen Copy number Price effective from Koha item type
    Dewey Decimal Classification     Khmer-English Bilingual / ភាសាខ្មែរ-អង់គ្លេស Footprints International School Library Network Toul Tom Poung Campus Footprints International School Library Network Toul Tom Poung Campus TTP Primary Khmer Bookshelves 09/18/2025   SOT PZ7 398.2 FIS04603 09/18/2025 1 09/18/2025 Khmer Books
    Dewey Decimal Classification     Khmer-English Bilingual / ភាសាខ្មែរ-អង់គ្លេស Footprints International School Library Network Toul Tom Poung Campus Footprints International School Library Network Toul Tom Poung Campus TTP Primary Khmer Bookshelves 09/18/2025   SOT PZ7 398.2 FIS05001 09/18/2025 2 09/18/2025 Khmer Books
    Dewey Decimal Classification     Khmer-English Bilingual / ភាសាខ្មែរ-អង់គ្លេស Footprints International School Library Network Toul Tom Poung Campus Footprints International School Library Network Toul Tom Poung Campus TTP Primary Khmer Bookshelves 04/22/2026   SOT PZ7 398.2 2026-0519 04/22/2026 3 04/22/2026 Khmer Books